Informe gestión institucional anual 2001 (Registro nro. 6248)
[ vista simple ]
| 000 -CABECERA | |
|---|---|
| Campo de control | 00759nam a2200241 a 4500 |
| 005 - FECHA Y HORA DE LA ULTIMA TRANSACCION | |
| Campo de control | 20250429170327.0 |
| 008 - ELEMENTOS DE LONGITUD FIJA—INFORMACION GENERAL | |
| Campo de control | 140320b2002 ck ||||| |||| 00| 0 spa d |
| 040 ## - FUENTE DE CATALOGACIÓN | |
| Agencia catalogadora original | CO-BoIAVH |
| Agencia transcriptora | CO-BoIAVH |
| 041 ## - IDIOMA | |
| Código de idioma para texto/pista de sonido o título separado | Español |
| 044 ## - PAÍS DE PUBLICACIÓN | |
| País de publicación | Colombia |
| 090 ## - CLASIFICACIÓN LOCAL | |
| Colección | IAVH |
| Consecutivo | 0005 |
| 110 ## - ASIENTO PRINCIPAL--NOMBRE CORPORATIVO | |
| Unidad subordinad | Instituto de Investigación de Recursos Biológicos Alexander von Humboldt |
| 9 (RLIN) | 204 |
| 245 ## - MENCION DE TITULO | |
| Título | Informe gestión institucional anual 2001 |
| 260 ## - PUBLICACION, DISTRIBUCION, ETC. (PIE DE IMPRENTA) | |
| Lugar de publicación, distribución, etc. | Bogotá |
| Nombre del editor, distribuidor, etc. | Instituto Alexander von Humboldt |
| Fecha de publicación, distribución, etc. | 2002 |
| 300 ## - DESCRIPCION FISICA | |
| Extensión | 78 páginas |
| 650 16 - ASIENTO SECUNDARIO DE MATERIA - TERMINO TEMATICO | |
| Término temático o nombre geográfico como elemento de entrada | Inventarios de biodiversidad |
| 9 (RLIN) | 4700 |
| 650 16 - ASIENTO SECUNDARIO DE MATERIA - TERMINO TEMATICO | |
| Término temático o nombre geográfico como elemento de entrada | Política ambiental |
| 9 (RLIN) | 92286 |
| 650 16 - ASIENTO SECUNDARIO DE MATERIA - TERMINO TEMATICO | |
| Término temático o nombre geográfico como elemento de entrada | Uso sostenible |
| 9 (RLIN) | 344 |
| 650 16 - ASIENTO SECUNDARIO DE MATERIA - TERMINO TEMATICO | |
| Término temático o nombre geográfico como elemento de entrada | Conservación |
| 9 (RLIN) | 92401 |
| 700 ## - ASIENTO SECUNDARIO - NOMBRE PERSONAL | |
| Nombre personal | Escobar, Jorge |
| 9 (RLIN) | 22946 |
| 700 ## - ASIENTO SECUNDARIO - NOMBRE PERSONAL | |
| Nombre personal | Chaves, María Elfi |
| 9 (RLIN) | 341 |
| 942 ## - ELEMENTOS ADICIONALES (KOHA) | |
| Tipo de ítem | Libro |
| Sistema de clasificación | Local |
| Koha issues (borrowed), all copies | 1 |
| Withdrawn status | Lost status | Sistema de Clasificación | Damaged status | No para préstamo | Colección | Ubicación Permanente | Ubicación actual | Fecha de adquisición | Total Checkouts | Número topográfico | Inventario / Código de Barras | Date last seen | Ejemplar | Price effective from | Forma de adquisición | Tipo de material | Fuente de adquisición | Precio | Date checked out |
|---|---|---|---|---|---|---|---|---|---|---|---|---|---|---|---|---|---|---|---|
| Retirado | Local | Humboldt | Bogotá | Bogotá | 22/04/2004 | IAVH-IA-0006 | 015864 | 04/12/2012 | Ej. 4 | 04/12/2012 | Institucional | Informe Técnico | |||||||
| Retirado | Dewey Decimal Classification | Humboldt | Bogotá | Bogotá | 18/07/2014 | IAVH-IA-0006 | 022276 | 04/12/2012 | Ej. 5 | 04/12/2012 | Institucional | Informe Técnico | Instituto | 30000.00 | |||||
| Retirado | Dewey Decimal Classification | Humboldt | Bogotá | Bogotá | 18/07/2014 | IAVH-IA-0006 | 022272 | 04/12/2012 | Ej. 6 | 04/12/2012 | Institucional | Informe Técnico | Instituto | 30000.00 | |||||
| Local | Humboldt | Bogotá | Bogotá | 01/07/2004 | 2 | IAVH-IA-0006 | 016290 | 06/09/2018 | Ej. 1 | 04/12/2012 | Institucional | Informe Técnico | Instituto | 30000.00 | 03/09/2018 | ||||
| Local | Audiovisual | Bogotá | Bogotá | 19/12/2013 | IAVH-IA-0006 | 059474 | 19/12/2013 | Ej. 3 | 19/12/2013 | Institucional | CD-ROM | ||||||||
| Local | Audiovisual | Bogotá | Bogotá | 19/12/2013 | IAVH-IA-0006 | 059470 | 19/12/2013 | Ej. 2 | 19/12/2013 | Institucional | CD-ROM |